000 01006nas a2200325 4500
001 BR2018001124
003 BR-BrBNA
005 20231205131334.0
007 ta
008 230509b bl.|||p| |||| 00| 00por d
040 _aBR-BrBNA
_bpor
_cBiblioteca Nacional de Agricultura
041 _a(En)
072 _aL02
100 1 _aRodrigues, J.P.P.
100 1 _aLima, J.C.M.
100 1 _aCastro, M.M.D.
100 1 _aValadares Filho, S. de C.
100 1 _aChizotti, M.L.
100 1 _aCampos, M.M.
100 1 _aMachado, F.S.
100 1 _aMarcondes M.I.
245 1 _aMacromineral requirements of Holstein calves
650 _aGADO HOLANDÊS
650 _aEXIGÊNCIA NUTRICIONAL
650 _aNUTRIENTE MINERAL
773 0 _tPesquisa Agropecuária Brasileira (Bazil)
_xISSN 1678-3921
_g(Apr 2018), v. 53(4) p. 522-525
_wBR2018001124
856 4 0 _uhttp://seer.sct.embrapa.br/index.php/pab/article/view/25904/14172
909 _a202311
_bLúcia
_c55
_dLúcia Elande
942 _2AGRIS
_n0
_cANA
999 _c254272
_d254272